| 000 | 00779nam a2200229Ia 4500 | ||
|---|---|---|---|
| 003 | GCL | ||
| 008 | 140319s9999 xx 000 0 ara d | ||
| 040 |
_aGCL / _cGCL |
||
| 082 | 0 | 4 |
_a381.101 _bم س |
| 100 | 1 | _aمصطفى محمد عز العرب | |
| 245 | 1 | 0 |
_aسياسات وتخطيط التجارة الخارجية / _cمصطفى محمد عز العرب |
| 260 |
_a[S.N] : _bالدار المصرية اللبنانية ، _c1988 |
||
| 300 | _a446 ص | ||
| 490 | _a | ||
| 650 | 0 | 4 | _aالسياسة التجارية |
| 650 | 0 | 4 | _aالعلاقات الاقتصادية الدولية |
| 650 | 0 | 4 | _aالتجارة الخارجية |
| 650 | 0 | 4 | _aالاستيراد |
| 650 | 0 | 4 | _aالتصدير |
| 650 | 0 | 4 | _aالاتفاقيات التجارية |
| 942 |
_2ddc _cBK |
||
| 999 |
_c56120 _d56120 |
||